|
|
|
|
| LEADER |
00000nam0a2200000 4500 |
| 001 |
332753 |
| 005 |
20231102004504.0 |
| 020 |
|
|
|a RU
|
| 035 |
|
|
|a (RuTPU)RU\TPU\book\358725
|
| 035 |
|
|
|a RU\TPU\book\296166
|
| 090 |
|
|
|a 332753
|
| 100 |
|
|
|a 20170530d1972 km y0rusy5003 ca
|
| 101 |
0 |
|
|a rus
|
| 102 |
|
|
|a BY
|
| 105 |
|
|
|a a g 001zy
|
| 200 |
1 |
|
|a Справочник молодого токаря
|f И. И. Бергер
|
| 210 |
|
|
|a Минск
|c Вышэйшая школа
|d 1972
|
| 215 |
|
|
|a 320 с.
|c ил.
|
| 606 |
1 |
|
|a Токарное дело
|2 stltpush
|3 (RuTPU)RU\TPU\subj\60792
|9 78015
|
| 610 |
1 |
|
|a токарные станки
|
| 610 |
1 |
|
|a токарные работы
|
| 610 |
1 |
|
|a технологический процесс
|
| 610 |
1 |
|
|a токарные инструменты
|
| 610 |
1 |
|
|a материалы
|
| 610 |
1 |
|
|a приспособления
|
| 610 |
1 |
|
|a резание
|
| 610 |
1 |
|
|a металлы
|
| 610 |
1 |
|
|a измерения
|
| 610 |
1 |
|
|a поверхности
|
| 610 |
1 |
|
|a обработка
|
| 610 |
1 |
|
|a справочники
|
| 675 |
|
|
|a 621.941(035)
|z rus
|v 3
|
| 700 |
|
1 |
|a Бергер
|b И. И.
|g Илья Иосифович
|4 070
|
| 801 |
|
0 |
|a RU
|b 63413507
|c 19950417
|g psbo
|
| 801 |
|
1 |
|a RU
|b 63413507
|c 20141022
|
| 801 |
|
2 |
|a RU
|b 63413507
|c 20220506
|g RCR
|
| 942 |
|
|
|c BK
|